Advanced engineering mathematics (Record no. 8769)

MARC details
000 -LEADER
fixed length control field 00746nam a22002417a 4500
003 - CONTROL NUMBER IDENTIFIER
control field OSt
005 - DATE AND TIME OF LATEST TRANSACTION
control field 20260309083736.0
008 - FIXED-LENGTH DATA ELEMENTS--GENERAL INFORMATION
fixed length control field 260309b |||||||| |||| 00| 0 eng d
020 ## - INTERNATIONAL STANDARD BOOK NUMBER
International Standard Book Number 978-621-406-423-6
040 ## - CATALOGING SOURCE
Original cataloging agency DWCL Main lib
Transcribing agency OC
082 ## - DEWEY DECIMAL CLASSIFICATION NUMBER
Classification number Fil. 515 A244 2025
100 ## - MAIN ENTRY--PERSONAL NAME
Personal name Guevarra, Jayson S.
245 ## - TITLE STATEMENT
Title Advanced engineering mathematics
Statement of responsibility, etc. Jayson S. Guevarra
260 ## - PUBLICATION, DISTRIBUTION, ETC.
Place of publication, distribution, etc. Manila, Philippines:
Name of publisher, distributor, etc. Mindshapers,
Date of publication, distribution, etc. c2025.
300 ## - PHYSICAL DESCRIPTION
Extent ix, 380 pages;
Dimensions 27 cm.
504 ## - BIBLIOGRAPHY, ETC. NOTE
Bibliography, etc. note Includes bibliographical references.
650 ## - SUBJECT ADDED ENTRY--TOPICAL TERM
Topical term or geographic name entry element 1. Engineering mathematics--worktext.
700 ## - ADDED ENTRY--PERSONAL NAME
Personal name Melvin G. Macapagal
700 ## - ADDED ENTRY--PERSONAL NAME
Personal name Jeffrey G. Capacite
700 ## - ADDED ENTRY--PERSONAL NAME
Personal name Gerardo C. Malab
700 ## - ADDED ENTRY--PERSONAL NAME
Personal name Elizabeth R. Pader
942 ## - ADDED ENTRY ELEMENTS (KOHA)
Source of classification or shelving scheme Dewey Decimal Classification
Koha item type Book-Filipiniana
Call number prefix Fil.
Suppress in OPAC No
952 ## - LOCATION AND ITEM INFORMATION (KOHA)
--
Holdings
Withdrawn status Lost status Source of classification or shelving scheme Damaged status Not for loan Home library Current library Shelving location Date acquired Source of acquisition Cost, normal purchase price Total Checkouts Full call number Barcode Date last seen Copy number Price effective from Koha item type Uniform Resource Identifier
    Dewey Decimal Classification     College Library College Library Filipiniana 02/04/2026 School Fund 500.00   Fil. 515 A244 2025 CL54659 03/09/2026 c1 03/09/2026 BK - FIL